书目信息 |
| 题名: |
交流调速系统应用与维修
|
|
| 作者: | 宋家成 , 张东亮 , 张春雷 主编 | |
| 分册: | ||
| 出版信息: | 北京 中国电力出版社 2009.01 |
|
| 页数: | 194页 | |
| 开本: | 26cm | |
| 丛书名: | 电工高技能人才从入门到高手系列书 | |
| 单 册: | ||
| 中图分类: | TM340.12 | |
| 科图分类: | ||
| 主题词: | 交流电动机传动--jiao liu dian dong ji chuan dong--调速 | |
| 电子资源: | ||
| ISBN: | 978-7-5083-7649-3 | |
| 000 | 01253nam 2200289 450 | |
| 001 | 012009054338 | |
| 005 | 20090518115852.78 | |
| 010 | @a978-7-5083-7649-3@dCNY25.00 | |
| 100 | @a20090518d2009 em y0chiy0120 ea | |
| 101 | 0 | @achi |
| 102 | @aCN@b110000 | |
| 105 | @aak z 000yy | |
| 106 | @ar | |
| 200 | 1 | @a交流调速系统应用与维修@Ajiao liu tiao su xi tong ying yong yu wei xiu@f宋家成 ... [等] 主编@Fsong jia cheng...[deng]zhu bian |
| 210 | @a北京@c中国电力出版社@d2009.01 | |
| 215 | @a194页@c图@d26cm | |
| 225 | 2 | @a电工高技能人才从入门到高手系列书@Adian gong gao ji neng ren cai cong ru men dao gao shou xi lie shu |
| 304 | @a题名页题 : 宋家成, 张东亮, 张春雷, 段俊龙主编 | |
| 330 | @a本书介绍了交流调速系统的组成、特点及性能比较,调压、调阻、凋磁调速,绕线式异步电动机的串级调速,变频调速,变频器的应用与维修,无换向器电动机调速,“四新推广站”矢量控制与直接转矩控制技术等内容。 | |
| 410 | 0 | @12001 @a电工高技能人才从入门到高手系列书 |
| 606 | 0 | @a交流电动机传动@Ajiao liu dian dong ji chuan dong@x调速 |
| 690 | @aTM340.12@v4 | |
| 701 | 0 | @a宋家成@Asong jia cheng@4主编 |
| 701 | 0 | @a张东亮@Azhang dong liang@4主编 |
| 701 | 0 | @a张春雷@Azhang chun lei@4主编 |
| 801 | 0 | @aCN@bQSSK@c20090518 |
| 905 | @b743101-03@dTM340.12@eS765@f3 | |
| 交流调速系统应用与维修/宋家成 ... [等] 主编.-北京:中国电力出版社,2009.01 |
| 194页:图;26cm.-(电工高技能人才从入门到高手系列书) |
| ISBN 978-7-5083-7649-3:CNY25.00 |
| 本书介绍了交流调速系统的组成、特点及性能比较,调压、调阻、凋磁调速,绕线式异步电动机的串级调速,变频调速,变频器的应用与维修,无换向器电动机调速,“四新推广站”矢量控制与直接转矩控制技术等内容。 |
| ● |
| 相关链接 |
|
|
|
正题名:交流调速系统应用与维修
索取号:TM340.12/S765
 
预约/预借
| 序号 | 登录号 | 条形码 | 馆藏地/架位号 | 状态 | 备注 |
| 1 | 743101 | 207431019 | 自科二线504/504自科库 10排2列2层/ [索取号:TM340.12/S765] | 在馆 | |
| 2 | 743102 | 207431028 | 自科库301/301自科库 12排1列1层/ [索取号:TM340.12/S765] | 在馆 | |
| 3 | 743103 | 207431037 | 自科库301/301自科库 12排1列1层/ [索取号:TM340.12/S765] | 在馆 |